| 000 | 00846nam a2200241Ia 4500 | ||
|---|---|---|---|
| 003 | OSt | ||
| 005 | 20220923214211.0 | ||
| 006 | a|||||r|||| 00| 0 | ||
| 007 | ta | ||
| 008 | 220922b |||||||| |||| 00| 0 hin d | ||
| 024 | _a167,863 | ||
| 037 | _cTextual | ||
| 040 |
_aARTS _cARTS _bhin |
||
| 041 |
_2hin _ahin |
||
| 082 | _aO152:1L71x, K3 | ||
| 100 |
_aमीतल, प्रभुदयाल _9156270 |
||
| 245 | 0 | _aग्वाल कवि* जीवन वृतांत, ग्रंथ परिचय और काव्य संकलन | |
| 246 | _aGvāl kavi: jīvan vṛutāanta, grantha parichaya aur kāvya sankalana | ||
| 260 | _c1963 | ||
| 490 | _aब्रज कवि माला; 5 | ||
| 942 |
_hO152:1L71x, K3 _cTEXL _2CC |
||
| 999 |
_c322333 _d322333 |
||